Équipes ayant participé à la Coupe du monde féminine de hockey - Statistiques

Statistiques générales
  • Ce quiz a été pris 149 fois
    10 depuis la dernière actualisation
  • Le résultat moyen est 14 sur 17
Statistiques - réponses
# Record Équipe % Correct
25 Vainqueur Canada
100%
2 Dixième France
100%
17 Troisième Russie
100%
24 Troisième Suède
100%
20 Quatrième Allemagne
90%
25 Vainqueur États-Unis
90%
5 Sixième Norvège
90%
22 Troisième Suisse
90%
10 Troisième Tchéquie
90%
12 Quatrième Chine
80%
5 Septième Danemark
80%
25 Finaliste Finlande
80%
14 Cinquième Japon
80%
1 (Début en 2026) Autriche
70%
2 Septième Slovaquie
70%
4 Huitième Hongrie
60%
5 Sixième Kazakhstan
50%
Aucun quiz correspondant
Distribution des résultats
% des personnes avec chaque résultat
Percentile par nombre de réponses
Votre historique - résultats
Vous n’avez pas pris ce quiz depuis la dernière actualisation